Effect of 4 Week Resistive Inspiratory Muscle Training On Respiratory Functions In Patients With Tetraplegia During In- Patient Rehabilitation (Record no. 26433)

MARC details
000 -LEADER
fixed length control field 00436nam a22001457a 4500
003 - CONTROL NUMBER IDENTIFIER
control field SGT
082 ## - DEWEY DECIMAL CLASSIFICATION NUMBER
Classification number 617.84
Item number E21S
100 ## - MAIN ENTRY--PERSONAL NAME
Personal name Gitanjali Sikka
245 ## - TITLE STATEMENT
Title Effect of 4 Week Resistive Inspiratory Muscle Training On Respiratory Functions In Patients With Tetraplegia During In- Patient Rehabilitation
260 ## - PUBLICATION, DISTRIBUTION, ETC. (IMPRINT)
Place of publication, distribution, etc GURUGRAM
Name of publisher, distributor, etc SGT UNIVERSITY
Year of Publication 2021
300 ## - PAGE DESCRIPTION
No. of Pages 107
650 ## - SUBJECT ADDED ENTRY--TOPICAL TERM
Topical term or geographic name as entry element PHYSIOTHERAPY
653 ## - KEYWORDS--INDEX TERM
Keyword term P.HD
942 ## - ADDED ENTRY ELEMENTS (KOHA)
Source of classification or shelving scheme Dewey Decimal Classification
Koha item type Thesis/Dissertation
Holdings
Withdrawn status Lost status Source of classification or shelving scheme Damaged status Not for loan Collection code Home library Current library Shelving location Date acquired Vendor Name Full call number Accession No. (Barcode) Date last seen Bill Date Koha item type Total Checkouts
    Dewey Decimal Classification   Not For Loan MEDICAL SGT Medical Library SGT Medical Library Reference Book 28/05/2024 SGT UNIVERSITY 617.84 E21S DT1595 28/05/2024 28/05/2024 Thesis/Dissertation  
    Dewey Decimal Classification   Not For Loan MEDICAL SGT Medical Library SGT Medical Library Reference Book 28/05/2024 SGT UNIVERSITY 617.84 E21S DT1596 28/05/2024 28/05/2024 Thesis/Dissertation  
    Dewey Decimal Classification   Not For Loan MEDICAL SGT Medical Library SGT Medical Library Reference Book 28/05/2024 SGT UNIVERSITY 617.84 E21S DT1597 28/05/2024 28/05/2024 Thesis/Dissertation  
    Dewey Decimal Classification   Not For Loan MEDICAL SGT Medical Library SGT Medical Library Reference Book 20/06/2024   617.84 E21S DT1686 20/06/2024 20/06/2024 Thesis/Dissertation